Análisis de la tecnología y estándares para televisión digital, articulación de propuesta para la implementación e integración a la infraestructura nacional
Furkejuvvon:
| Váldodahkki: | |
|---|---|
| Eará dahkkit: | |
| Materiálatiipa: | Girji |
| Giella: | Spanish |
| Almmustuhtton: |
[San José, Costa Rica]
2011
|
| Fáttát: | |
| Fáddágilkorat: |
Lasit fáddágilkoriid
Eai fáddágilkorat, Lasit vuosttaš fáddágilkora!
|
MARC
| LEADER | 00000nam a22000007a 4500 | ||
|---|---|---|---|
| 003 | 010614 | ||
| 005 | 20221231143934.0 | ||
| 008 | 151112b2011 cr a|||| |||| 00| 0 spa d | ||
| 040 | |c cru CEDI | ||
| 090 | |a TFG 6446 | ||
| 100 | |9 2292 |a Castro Rojas, Adrian Alberto | ||
| 245 | |a Análisis de la tecnología y estándares para televisión digital, articulación de propuesta para la implementación e integración a la infraestructura nacional | ||
| 260 | |a [San José, Costa Rica] |c 2011 | ||
| 500 | |a Tesis (licenciatura en ingeniería eléctrica)--Universidad de Costa Rica. Facultad de Ingeniería. Escuela de Ingeniería Eléctrica | ||
| 650 | |x TELEVISION DIGITAL |x TELECOMUNICACIONES |x TELEVISION DE ALTA DEFINICION |x TELEDIFUSION |x PROCESAMIENTO DE SEÑALES |x TECNICAS DIGITALES |x INNOVACIONES TECNOLOGICAS |9 2293 | ||
| 700 | |9 2294 |a Zumbado Alvarez, Francisco José | ||
| 942 | |c TFG | ||
| 999 | |c 14504 |d 14504 | ||
